| 000 | 00692nam a2200217Ia 4500 | ||
|---|---|---|---|
| 003 | OSt | ||
| 005 | 20250128113417.0 | ||
| 008 | 210210b1988 xxu||||| |||| 00| 0 eng d | ||
| 040 | _cAL | ||
| 041 | _aKannada | ||
| 082 | _aK894.3 YANK | ||
| 100 |
_aYANDAMURI VIRENDRANATH. _dಯಂಡಮೂರಿ ವೀರೇಂದ್ರನಾಥ್ _9195796 |
||
| 245 |
_aKappanchu bili sire _bಕಪ್ಪಂಚು ಬಿಳಿ ಸೀರೆ |
||
| 260 |
_aBengaluru _bHamsadhvani Prakashana _c1988 |
||
| 300 | _a351 | ||
| 650 |
_aRaja Chendur _9195797 |
||
| 690 |
_aKannada Fiction _9195798 |
||
| 700 |
_aRaja Chendur _dರಾಜ ಚೆಂಡೂರ್ Tr. _9195799 |
||
| 906 | _a042945 | ||
| 942 |
_2ddc _cBK |
||
| 999 |
_c92311 _d92311 |
||